| 000 | 00910 a2200229 4500 | ||
|---|---|---|---|
| 001 | 28417 | ||
| 005 | 20260407155556.0 | ||
| 008 | 260407a1996 arg spa d | ||
| 003 | AR-UNSa-BCEJYS | ||
| 040 |
_aAR-UNSa-BCEJYS _bspa _cAR-UNSa-BCEJYS |
||
| 080 |
_a347.736 _xQuiebra. Insolvencia. Suspensión de pagos. Bancarrota, procedimientos. Derecho Concursal |
||
| 245 | 1 | 0 |
_aConclusión de la quiebra _psegún Ley 24.522 |
| 020 | _a950-569-072-X | ||
| 264 | 1 |
_aBuenos Aires : _bAbaco de Rodolfo Depalma _c1996 |
|
| 300 |
_a230 p. _c23 cm. |
||
| 505 | _a1. Fundamentos e inquisiciones - 2. El "Iter" conclusional - 3. Modos conclusionales - 4. Efectos de la conclusión de la quiebra - 5. Conclusión de la quiebra y delito de quiebra fraudulenta | ||
| 942 | _cBK | ||
| 590 | _aniveau_biblio:m niveau_hierar:0 | ||
| 100 | 1 | _aConil Paz, Alberto A. | |
| 650 | _aLEY Nº 24.522 | ||
| 650 | _a ley nº 24 522 | ||
| 999 |
_c1714 _d1714 |
||